Check list of stomiiform, aulopiform and myctophiform fishes from colombian waters of the tropical eastern Pacific (Registro nro. 16238)
[ vista simple ]
| 000 -CABECERA | |
|---|---|
| Campo de control | 007480000a22002170004500 |
| 090 ## - CLASIFICACIÓN LOCAL | |
| Colección | AS |
| Consecutivo | SERIADAS |
| 041 0# - IDIOMA | |
| Código de idioma para texto/pista de sonido o título separado | |
| 041 0# - IDIOMA | |
| Código de idioma para texto/pista de sonido o título separado | |
| 044 ## - PAÍS DE PUBLICACIÓN | |
| País de publicación | |
| 100 1# - ASIENTO PRINCIPAL--NOMBRE PERSONAL | |
| Nombre personal | Castellanos Galindo, Gustavo Adolfo |
| 245 10 - MENCION DE TITULO | |
| Título | Check list of stomiiform, aulopiform and myctophiform fishes from colombian waters of the tropical eastern Pacific |
| 651 #4 - ASIENTO SECUNDARIO DE MATERIA - NOMBRE GEOGRAFICO | |
| -- | Colombia |
| -- | Región Pacífica |
| 700 1# - ASIENTO SECUNDARIO - NOMBRE PERSONAL | |
| Nombre personal | Rubio Rincón, Efraín A. |
| 700 1# - ASIENTO SECUNDARIO - NOMBRE PERSONAL | |
| Nombre personal | Beltrán León, Beatriz S. |
| 700 1# - ASIENTO SECUNDARIO - NOMBRE PERSONAL | |
| Nombre personal | Baldwin, Carole C. |
| 773 1# - Item fuente: | |
| Título | Biota Colombiana |
| Descripción física | 2 |
| Paginas del Articulo | 245-262 |
| Lugar, editorial y fecha de publicación | 2006 |
| Información sobre la relación | 7 |
| 942 ## - ELEMENTOS ADICIONALES (KOHA) | |
| Tipo de ítem | Artículo |
No hay ítems disponibles.